Wordt geladen...

Vadmaysoochi, prelekhan avum sochana vignyan/

Bibliografische gegevens
Hoofdauteur: Dwaraka Prasad Shastry
Formaat: Printed Book
Gepubliceerd in: Allahabad: Sahitya Bhavan, 1995.
Onderwerpen:
LEADER 00557nam a22001451a 4500
082 |a H 020  |b DWA/V 
100 |a Dwaraka Prasad Shastry  |9 165183 
245 |a Vadmaysoochi, prelekhan avum sochana vignyan/  |c by Dwaraka Prasad Shastry 
260 |a Allahabad:  |b Sahitya Bhavan,  |c 1995. 
300 |a 224p. 
650 |a Library and Information Science  |9 165184 
650 |a Library Science  |9 165185 
942 |c BK 
999 |c 48672  |d 48672 
952 |0 0  |1 0  |4 0  |6 H_020_000000000000000_DWA_V  |7 0  |9 70476  |a SSUS  |b SSUS  |d 2015-01-08  |g 75.00  |o H 020 DWA/V  |p 034144  |r 2015-01-08  |v 0.00  |w 2015-01-08  |y BK